| 000 | 00854cam a2200301 i 4500 | ||
|---|---|---|---|
| 999 |
_c3160 _d3160 |
||
| 001 | 2689760 | ||
| 003 | OSt | ||
| 005 | 20210826092630.0 | ||
| 008 | 750731s1976 nyu b 000 0 eng | ||
| 010 | _a 75025777 | ||
| 020 | _a0876301111 | ||
| 040 |
_aDLC _cDLC _dDLC |
||
| 050 | 0 | 0 |
_aRA790 _b.N6 1976 |
| 060 | _aHQ728 N739 | ||
| 082 | 0 | 0 | _a613 |
| 245 | 0 | 0 |
_aNo single thread : _bpsychological health in family systems / _cby Jerry M. Lewis ... [et al.]. |
| 260 |
_aNew York : _bBrunner/Mazel, _cc1976. |
||
| 300 |
_axxi, 260 p. ; _c24 cm. |
||
| 504 | _aIncludes bibliographies. | ||
| 650 | 0 | _aMental health. | |
| 650 | 0 | _aFamilies. | |
| 650 | 2 | _aFamily. | |
| 650 | 2 | _aMental health. | |
| 650 | 2 | _aInterpersonal relations. | |
| 700 | 1 |
_aLewis, Jerry M., _d1924- |
|
| 906 |
_a7 _bcbc _corignew _d1 _eocip _f19 _gy-gencatlg |
||
| 942 |
_2lcc _cBK _nDO |
||